| 000 | 01090naa a2200301 c 4500 | ||
|---|---|---|---|
| 001 | 41368 | ||
| 003 | ES-MaCES | ||
| 005 | 20110303140500.0 | ||
| 008 | 110303n2010 it t 000 | ita d | ||
| 035 | _aCES20110002596v | ||
| 040 |
_aES-MaCES _bspa _cES-MaCES |
||
| 100 | 1 |
_aMarazza, Marco _917449 |
|
| 245 | 1 | 3 |
_aLe relazioni industriali come fattore di competitività _b: il caso della privatizzazione Alitalia _cMarco Marazza e Francesco Micheli |
| 500 | _aResumen | ||
| 650 | 4 |
_aItalia _926952 |
|
| 650 | 4 |
_adeducción tributaria _928088 |
|
| 650 | 4 |
_aintervención estatal _929380 |
|
| 650 | 4 |
_aplanificación corporativa _930332 |
|
| 650 | 4 |
_adesregulación _931743 |
|
| 650 | 4 |
_aprivatización _929788 |
|
| 650 | 4 |
_aempresa pública _927148 |
|
| 653 | 1 | 0 | _aEmpresa |
| 700 | 1 |
_aMicheli, Francesco _918557 |
|
| 773 | 0 |
_tGiornale di diritto del lavoro e di relazioni industriali _ganno 32, n. 128 (2010/4){10158 R. 078399}; p. 659-700 _w(ES-MaCES)25175 _940009 |
|
| 902 | _aART Artículo de revista | ||
| 942 |
_2CES _cAR _h0.0. |
||
| 999 |
_c41368 _d41368 |
||